000 01210cad a22002895a 4500
001 E153096
008 110607s2011 xxk f 000 0 eng d
020 _a9781842196649
035 _a(Sirsi) u153096
041 0 _aeng
050 0 4 _a658.2 $2 18
110 2 _aRoyal Institution of Chartered Surveyors
_94900
245 0 0 _aSecurity
_h[electronic resource]
260 _aCoventry
_bRICS
_c2011
300 _avi, 29p.
_c30cm.
490 0 _aRICS Guidance Note
_v(GN 70/2011)
490 0 _aRICS Facilities Management Standards
520 _aSuperseded by 2nd ed. 3 January 2015 (L158117), ISBN 9781783210602.
520 _aOutlines best practice in the planning and deployment of the measures necessary to deliver appropriate and effective security. Covers: the development of a security strategy; planning process; sourcing; securty operations; continuous improvement.
590 _aKA
650 2 4 _aRICS FACILITIES MANAGEMENT STANDARDS
650 2 4 _aWHITE BOOK
651 4 _aUnited Kingdom
_y
690 _aMANAGEMENT-FACILITIES MANAGEMENT
856 4 1 _uhttps://www.rics.org/Global/Downloads/RICS_Security_2011.pdf
_zView the guidance free of charge (members only) at www.rics.org
942 _n0
999 _c112373
_d112373